| 000 | 01087nam a2200193 a 4500 | ||
|---|---|---|---|
| 001 | 45516 | ||
| 005 | 20180714024737.0 | ||
| 008 | 140415s2001 mx 000 0 spa d | ||
| 020 | _a9706252932 | ||
| 041 | _aspa | ||
| 082 |
_a382.094008 _bHAR |
||
| 100 | 1 | _aHARMS, PABLO L. | |
| 245 | 1 | 3 |
_aLA NUEVA EUROPA : _bGUIA PARA EXPORTADORES |
| 250 | _a1a ed. | ||
| 260 |
_aMEXICO : _bGRUPO EDITORIAL IBEROAMERICA, _c2001 |
||
| 300 |
_a225 _c19 x 2 x 23 |
||
| 520 | _aLA NUEVA EUROPA : ESTE LIBRO ES UNA GUÍA DE ACTUALIZACIÓN PARA LOS EXPORTADORES POTENCIALES DE MÉXICO, CENTRO Y SUDAMÉRICA, EN ESPECIAL A LOS CIENTOS DE MILES DE PEQUEÑOS Y MEDIOS EMPRESARIOS, QUE ESTÁN INTERESADOS EN EL GRAN MERCADO DE LOS 450 MILLONES DE CONSUMIDORES POTENCIALES EUROPEOS CON LOS QUE CUENTA EL MERCADO ÚNICO EUROPEO ( MUE ); PROVEE DE LA INFORMACIÓN NECESARIA PARA LA PREPARACIÓN DE UN PLAN EFICAZ Y UN COMIENZO DE ACTIVIDADES DE EXPORTACIÓN EXITOSA. ESTA OBRA DA A CONO | ||
| 650 | 1 | 4 |
_aCOMUNIDAD ECONOMICA EUROPEA (CEE) _xEUROPA CONDICIONES ECONOMICAS _xCOMERCIO EXTERIOR _xEUROPA |
| 999 |
_c45516 _d45516 |
||